| 000 | 00577nam a22001937a 4500 | ||
|---|---|---|---|
| 008 | 250203b |||||||| |||| 00| 0 eng d | ||
| 020 | _a9788121925716 | ||
| 040 |
_aKABU _cKABU |
||
| 050 |
_aTK168 _b.T44 |
||
| 100 | _aTheraja, B.L. | ||
| 245 |
_aObjective electrical, electronics and telecommunication engineering /by _cB.L. Theraja & V.K. Pandey |
||
| 260 |
_aNew Delhi: _bS. Chand, _c1982. |
||
| 300 |
_axvi, 484p. _bill. |
||
| 650 | _a Telecommunication | ||
| 650 | _2Electrical engineering | ||
| 650 | _2Electronics | ||
| 700 | _aPandey, V.K. | ||
| 942 |
_2lcc _cBK |
||
| 999 |
_c20599 _d20598 |
||